[Event "Cattolica op-B 8th"]
[Site "Cattolica"]
[Date "2021.05.28"]
[Round "2"]
[White "D'Aulisa, Francesco"]
[Black "Evilio, Lucia"]
[Result "1-0"]
[WhiteElo "1673"]
[BlackElo "1443"]
[PlyCount "39"]
[EventDate "2021.05.27"]
[EventType "swiss"]
[EventRounds "7"]
[EventCountry "ITA"]
[SourceTitle "CBM 203 Extra"]
[Source "ChessBase"]
[SourceDate "2021.09.30"]
[SourceVersion "1"]
[SourceVersionDate "2021.09.30"]
[SourceQuality "1"]

1. e4 e6 2. d4 d5 3. exd5 exd5 4. Nf3 Bd6 5. h3 Nf6 6. Bg5 0-0 7. Be2 Bf5 8. 0-0 h6 9. Be3 Nbd7 10. Nbd2 Ne4 11. c4 c6 12. a3 Ndf6 13. Qc1 Qd7 14. Ne5 Qe6 15. Bf4 Nxd2 16. Qxd2 Ne4 17. Qc1 f6 18. Ng4 Bxf4 19. Qxf4 g5 20. Qxf5 1-0

[Event "ITA-ch U16"]
[Site "Salsomaggiore Terme"]
[Date "2019.07.11"]
[Round "6"]
[White "Evilio, Lucia"]
[Black "Gruden, Martina"]
[Result "0-1"]
[WhiteElo "1327"]
[BlackElo "1837"]
[PlyCount "114"]
[EventDate "2019.07.07"]
[EventType "swiss"]
[EventRounds "9"]
[EventCountry "ITA"]
[SourceTitle "EXT 2020"]
[Source "ChessBase"]
[SourceDate "2019.10.17"]
[SourceVersion "1"]
[SourceVersionDate "2019.10.17"]
[SourceQuality "1"]

1. c4 e6 2. Nc3 d5 3. cxd5 exd5 4. d4 Nf6 5. Bf4 Bd6 6. Bg3 c6 7. e3 Bf5 8. Bd3 Bg6 9. Nge2 Qe7 10. 0-0 0-0 11. Bxd6 Qxd6 12. Nf4 Bxd3 13. Nxd3 Nbd7 14. h3 Rfe8 15. Re1 Ne4 16. f4 Qg6 17. Ne5 Nxe5 18. dxe5 Nxc3 19. bxc3 f6 20. exf6 Qxf6 21. Qd4 Qf7 22. Re2 Re4 23. Qd3 Rae8 24. Rae1 R8e6 25. Rf1 Qe7 26. Rfe1 Qc5 27. Kh1 Qc4 28. Qc2 d4 29. cxd4 Qxc2 30. Rxc2 Rxe3 31. Rxe3 Rxe3 32. Rb2 Re7 33. Kh2 Kf7 34. Kg3 Ke6 35. Re2+ Kf6 36. Rxe7 Kxe7 37. Kf3 Ke6 38. Ke4 g6 39. g4 a6 40. h4 b5 41. f5+ gxf5+ 42. gxf5+ Kf6 43. d5 cxd5+ 44. Kxd5 Kxf5 45. Kc6 Kg4 46. Kb6 Kxh4 47. Kxa6 Kg3 48. Kxb5 h5 49. a4 h4 50. a5 h3 51. a6 h2 52. Kb6 h1Q 53. a7 Qa8 54. Ka6 Kf4 55. Kb6 Ke5 56. Ka6 Kd6 57. Kb6 Ke5 0-1